Chiti-Chiti-Bang-Bang (Registo nº 1985)

Detalhes MARC
000 -Etiqueta do registo
Cabeçalho 00791nam a22002411 4500
005 - Identificador da versão
Campo de controlo 20240827105946.0
021 ## - Número do Depósito Legal
Código do país PT
100 ## - Dados gerais de processamento
Dados gerais de processamento 20070620d1967 am y0pory500305 ba
101 1# - Língua de publicação
Língua do texto, banda sonora, etc. Português
Língua do documento no original Inglês
102 ## - Pais de publicação ou produção
País de publicação Portugal
105 ## - Campo de dados codificados: livros
Dados codificados dos livros a z 000fy
106 ## - Campo de dados codificados: material textual
Dados codificados do material textual r
200 1# - Titulo e menção de responsabilidade
Título próprio Chiti-Chiti-Bang-Bang
Informação de outro título o carro mágico
Primeira menção de responsabilidade Ian Fleming
Outras menções de responsabilidade il. John Burningham
-- trad. Fátima Fonseca Ribeiro
210 ## - Publicação, Distribuição, etc. 
Lugar da edição, distribuição, etc. Lisboa
Nome do editor, distribuidor, etc. Portugália Editora
Data da publicação, distribuição, etc. [1967]
215 ## - Descrição física 
Indicação específica da natureza do documento e extensão da espécie 131, [2] p.
Outras indicações físicas il.
Dimensões 21 cm
300 ## - Notas gerais 
Texto da nota Edição especial patrocinada pela Direcção-Geral da Educação Permanente
606 ## - Nome comum usado como assunto
Número de registo de entrada de autoridade 0000479
Palavra de ordem Literatura estrangeira juvenil
Subdivisão de assunto Romance de aventuras
675 ## - Classificação Decimal Universal (CDU)
Notação 82-311.3
Edição
Língua da edição por
700 #1 - Nome de autor-pessoa física (responsabilidade principal)
Número de registo de entrada de autoridade 0000657
Palavra de ordem Fleming
Outra parte do nome não tomada para palavra de ordem Ian
Datas 1908-1963
702 #1 - Nome de autor-pessoa física (responsabilidade secundária)
Número de registo de entrada de autoridade 0000658
Palavra de ordem Burningham
Outra parte do nome não tomada para palavra de ordem John
Código de função Ilustrador / Técnico de desenho computorizado
942 ## - Elementos de entrada adicionados (Koha)
Tipo de item no Koha Livro
Exemplares
Situação do levantamento Origin of item (home branch) (coded) Biblioteca de empréstimo Código de barras Cota Circulation type (not for loan) Tipo de documento Nota do exemplar Damaged status
  Biblioteca Escolar da Coca Maravilhas Biblioteca Escolar da Coca Maravilhas BECM3510/98 8EST FLE   Livro Sem mensagem